| 000 | 01280nam a2200349 c 4500 | ||
|---|---|---|---|
| 100 |
_aВерн, Жул _eпърви автор _9263632 |
||
| 999 |
_c439874 _d439874 |
||
| 003 | BLK | ||
| 005 | 20240628143954.0 | ||
| 008 | 180410b bul|||||r ||||||| ||bul|| | ||
| 010 | _aKNG00166514000 | ||
| 020 | _a9786190109235 | ||
| 040 | _aBLK | ||
| 041 |
_aBUL _cBUL |
||
| 072 | 7 |
_2bullib _aК _xКраезнание |
|
| 080 |
_aФренска литература _b821.133.1 _x-31 _z821.133.1-31 |
||
| 139 |
_aВерн, Жул _bВ 50 |
||
| 245 | 1 | 0 |
_aХубавият жълт Дунав _bРоман _cЖул Верн; прев. от фр. Недка Капралова. |
| 257 | _aBGR | ||
| 260 |
_aСофия _bИзток-Запад _c2021 _9210881 _n978-619-01- ; 978-619-152- ; 978-954-321- ; 954-8945- |
||
| 300 |
_a191 с. _c21 см |
||
| 380 | _aX | ||
| 500 | _aОриг. загл. Le beau Danube jaune / Lules Verne. - 1. изд. със заглавия Дунавския лодкар | ||
| 653 | _aРусчук | ||
| 659 | _aК | ||
| 700 |
_aКапралова, Недка Неделчева _eпрев. от фр. _9251574 |
||
| 852 | _aК 821/В 50 Ж | ||
| 856 | 4 | _qpdf | |
| 856 | 4 | _qpdf | |
| 942 |
_cKNG _n0 _037 _s1 |
||
| 944 |
_k30564 _lГалина Якимова |
||
| 999 | _d439874 | ||